|
|
|
|
| LEADER |
01131nam a2200349 a 4500 |
| 001 |
000015349 |
| 003 |
CZ BrMZK |
| 005 |
19950101143423.0 |
| 007 |
ta |
| 008 |
950101s1994 xr f cze d |
| 020 |
|
|
|a 80-85776-31-6
|
| 040 |
|
|
|a BOA001
|b cze
|
| 041 |
1 |
|
|a cze
|h eng
|
| 080 |
|
|
|a 820-94=850
|2 MRF
|
| 080 |
|
|
|a 929 Du Maurier, Daphne
|2 MRF
|
| 080 |
|
|
|a 820"19":92 Du Maurier, Daphne
|2 MRF
|
| 100 |
1 |
|
|a Shallcross, Martyn
|4 aut
|
| 245 |
1 |
0 |
|a Soukromý svět Daphne du Maurier /
|c Martyn Shallcross ; Z angl. orig. přel. Milena Poláčková
|
| 250 |
|
|
|a 1. vyd.
|
| 260 |
|
|
|a Vimperk :
|b Papyrus,
|c 1994
|
| 300 |
|
|
|a 111 s., fotogr. na příl.
|
| 500 |
|
|
|a Bibliogr. s. 110
|
| 653 |
0 |
|
|a Du Maurier, Daphne 1907-1989
|
| 700 |
1 |
|
|a Poláčková, Milena,
|d 1961-
|7 jn20010309110
|4 trl
|
| 765 |
0 |
|
|t <<The >>Private World of Daphne Maurier
|
| 910 |
|
|
|a BOA001
|b 2-1004.588
|
| 962 |
|
|
|a 820
|
| 962 |
|
|
|a 820-94
|
| 962 |
|
|
|a 929
|
| 964 |
|
|
|a Du Maurier
|b Daphne
|f 1907-1989
|x život
|x dílo
|
| 990 |
|
|
|a BK
|
| 996 |
6 |
|
|b 2610015666
|c 2-1004.588
|l MZK
|r Sklad / do 1 hodiny
|n 10
|p p.v.
|w 000015349
|u 000010
|a 1
|e BOA001
|j MZK50
|s P
|